Parque provincial ernesto tornquist [folleto] /
Guardado en:
| Autor Principal: | |
|---|---|
| Formato: | Libro |
| Publicado: |
Tornquist :
Direcci¢n Provincial de Recursos Naturales,
1998
|
| Materias: | |
| Etiquetas: |
Agregar Etiqueta
Sin Etiquetas, Sea el primero en etiquetar este registro!
|
| LEADER | 00567nam a22001695a 4500 | ||
|---|---|---|---|
| 001 | CEM.cems010406 | ||
| 005 | 20060214000000.0 | ||
| 008 | 130507s1998##################000#0#####d | ||
| 003 | CEMS | ||
| 082 | 0 | 4 | |a F574.5 |
| 100 | 1 | |a Asociacion Cooperadora Parque Provincial Y Monumento Natural | |
| 245 | 1 | 0 | |a Parque provincial ernesto tornquist [folleto] / |
| 260 | |a Tornquist : |b Direcci¢n Provincial de Recursos Naturales, |c 1998 | ||
| 653 | |a Ecologia | ||
| 653 | |a Educacion ambiental | ||
| 653 | |a Parques provinciales | ||
| 859 | |a CEMS |b BIB. CEMS - 11 de abril |h F574.5 |i 30 |p 1710.44 |t Ej.1 | ||
